| 000 | 00629nam a2200217Ia 4500 | ||
|---|---|---|---|
| 003 | OSt | ||
| 005 | 20250520152701.0 | ||
| 008 | 220927b |||||||| |||| 00| 0 eng d | ||
| 020 | _a1591401445 | ||
| 040 |
_aSDCL _cSDCL _beng |
||
| 041 |
_2eng _aeng |
||
| 084 | _aX:8:(D6,8(B)) P4 | ||
| 100 |
_aWhitman, Michael E _9445780 |
||
| 245 | 0 | _aHandbook of information systems research | |
| 260 |
_aHershey : _bIdea Group Publishing, _c2004. |
||
| 300 | _axi,345p | ||
| 650 |
_aManagement Information Systems _9445781 |
||
| 700 |
_aWoszczynski, Amy B _9445782 |
||
| 942 |
_cTEXL _2CC _n0 |
||
| 999 |
_c760679 _d760679 |
||